000 00290nam a2200109Ia 4500
008 190912s9999||||xx |||||||||||||| ||und||
100 _aManzooruddin Ahmed
245 0 _aIslamic Political System In The Modern Age Theory
260 _aKarachi
_bEducation
_c1991
300 _a358
942 _cBK
999 _c7671
_d7671